00393cam a2200121K 4500082001800000100001500018245004300033260005000076300001000126490007500136500004100211650001900252 a574.19294 STA1 aStacey, M.10aBiological synthesis of carbohydrates. aLondon,bRoyal Institute of Chemistry,c1956. a18 p.1 aRoyal Inst. of Chemistry, lectures, monographs, and reports ;1956,No.2 aThird P.F.Frankland Memorial Lecture 0aCarbohydrates.